000 00350nam a2200133Ia 4500
008 240624s9999 xx 000 0 und d
041 _aeng
082 _a302.35 PEL
100 _aPELTONEN TUOMO
245 _aORGANIZATION THEORY CRITICAL AND PHILOSO
260 _c2016
_aUnited Kingdom
_bEmerald
300 _axiv, 262 p.; 23 cm.
365 _cBPS
_b38
999 _c30740
_d30740